Kiswahili noun classes - Statistics

General Stats
  • This quiz has been taken 6 times
  • The average score is 8 of 14
Answer Stats
Hint Answer % Correct
Book7) Various, diminutives,
manner/way/language / Singular
Kitabuki-/ch-
100%
Books8) Various, diminutives,
manner/way/language / Plural
Vitabuvi-/vy-
100%
Eye5) Various / Singular Jicho(ji-/j-)
80%
Trees 4) Plants, inanimate / Plural Mitimi-/my-
80%
Tree 3) Plants, inanimate / Singular Mtim-/mw-
80%
Person 1) Humans, animate / Singular Mtum-/mw-
80%
People2) Humans, animate / Plural Watuwa-/(w)a-
80%
Eating15) Infinitives Kulaku-/kw-
60%
Eyes6) Various / Plural Machoma-
40%
Place16) Locatives (proximal, exact)
17) Locatives (distal, approximate) 18) Locatives (interior)
Mahali-
40%
Humanity14) Abstract nouns Utuu-/uw-/w-
40%
Fly 9) Animals, inanimate / Singular Nzin-/ny-
20%
Flies 10) Animals, inanimate / Plural Nzin-/ny-
20%
Key11) Things with an extended outline shape Ufunguou-/uw-/w-
20%
No matching quizzes found
Score Distribution
Percent of People with Each Score
Percentile by Number Answered
Your Score History
You have not taken this quiz